000
00256nam a22001097a 4500
082
_a
823
_b
ALA
100
_a
UNKNOWN
245
_a
ALLADIN& THE MAGIC LAMP
246
_a
ALLADIN& THE MAGIC LAMP
_b
ALLADIN& THE MAGIC LAMP
650
_a
ENGLISH STORY
942
_c
BK
999
_c
8797
_d
8797